Engineering-based thermal CFD simulations on massive parallel systems

En este documento se presenta una estructura jerr̀quica de datos para cl̀culos paralelos masivos que soporten el acoplamiento de un cd̤igo de flujo de fluidos basado en las ecuaciones de Navier-Stokes con la aproximacin̤ Boussinesq con el fin de abordar escenarios třmicos complejos para evaluacione...

Descripció completa

Guardat en:
Dades bibliogràfiques
Altres autors: Frisch Jřm̥e, Mundani Ralf Peter, Rank Ernst, Treeck Christoph van, Molecular Diversity Preservation International (MDPI)
Format: Llibre
Idioma:anglès
Matèries:
Accés en línia:Engineering-based thermal CFD simulations on massive parallel systems
Etiquetes: Afegir etiqueta
Sense etiquetes, Sigues el primer a etiquetar aquest registre!

MARC

LEADER 00000nam a22000004a 4500
001 vpro9212
005 20201223000000.0
008 151112s2015 ck # g## #001 0#eng#d
020
022 |a 2155-9821 
040 |a CO-BoINGC 
041 0 |a eng 
245 1 0 |a Engineering-based thermal CFD simulations on massive parallel systems 
246 |a Simulaciones třmicas de dinm̀ica de fluidos computacional para ingeniera̕ sobre sistemas paralelos masivos 
264 |a Bogot ̀(Colombia) :  |b Revista VirtualPRO,  |c 2015 
520 3 |a En este documento se presenta una estructura jerr̀quica de datos para cl̀culos paralelos masivos que soporten el acoplamiento de un cd̤igo de flujo de fluidos basado en las ecuaciones de Navier-Stokes con la aproximacin̤ Boussinesq con el fin de abordar escenarios třmicos complejos para evaluaciones energťicas. Esta estructura de datos novedosa se dise ̨̤especf̕icamente con la idea de la exploracin̤ y la visualizacin̤ interactiva de datos durante el tiempo de corrida del cd̤igo de simulacin̤. 
650 \ \ |a Ecuaciones 
650 \ \ |a Dinm̀ica de fluidos 
650 \ \ |a Mecǹica de fluidos 
650 \ \ |a Equations 
650 \ \ |a Fluid dynamics 
650 \ \ |a Fluid mechanics 
650 \ \ |a CFD 
650 \ \ |a Ecuaciones de navier-stokes 
650 \ \ |a Aproximacin̤ de boussinesq 
650 \ \ |a Acoplamiento třmico 
650 \ \ |a Computacin̤ paralela 
650 \ \ |a CFD 
650 \ \ |a Navier-stokes equations 
650 \ \ |a Boussinesq approximation 
650 \ \ |a Thermal coupling 
650 \ \ |a Parallel computing  
700 \ \ |a Frisch Jřm̥e 
700 \ \ |a Mundani Ralf Peter 
700 \ \ |a Rank Ernst 
700 \ \ |a Treeck Christoph van  
700 \ \ |a Molecular Diversity Preservation International (MDPI) 
856 |z Engineering-based thermal CFD simulations on massive parallel systems  |u https://virtualpro.unach.elogim.com/biblioteca/simulaciones-termicas-de-dinamica-de-fluidos-computacional-para-ingenieria-sobre-sistemas-paralelos-masivos